000 00394cam a22001217a 4500
008 180718b1965 xxu||||| |||| 00| 0 eng d
082 _aA81x54 In2/61/14/Pt 2 B/1
100 _aCensus of India 1961
245 _aRajasthan: general economic tables
260 _aDelhi
_bThe Manager of Publications
_c1965
300 _a453+p.
440 _aCensus of India 1961. Volume XIV, Rajasthan. Part II-B (i)
999 _c484593
_d484593